01309cam a22003497a 4500003000500000005001700005008004100022010001000063011001000073035001000083040000900093090001000102100004100112245009400153260004000247300003600287502008700323590003700410590004100447590004100488590004100529590004100570590004100611590004200652650003300694650002900727901000700756942001000763949004200773999001700815952012700832CHAP20220329141503.0971013s1988 r 00010 d a68922 a69894 a79372 cCHAP aTesis00aBretado Trujillo, Víctor M.915247 0aComercialización de árboles de navidad a partir de rodales naturales en Otinapa, Dgo. aChapingo, Méx. :bEl autor,c1988 a90 h.b: ilus.; gráfs., mapas aTesis (Ing. Agrónomo Esp. en Bosques) -- UACH. División de Ciencias Forestales aALEPHb10c20130110lUCH01h1406 aBATCH-UPDb10c20130110lUCH01h0145 aBATCH-UPDb10c20130110lUCH01h0706 aBATCH-UPDb10c20130409lUCH01h2144 aBATCH-UPDb10c20130410lUCH01h1313 aBATCH-UPDb10c20130914lUCH01h0748 aCONVERSIONb10c20130109lUCH01h133814aÁrboles de navidad.98244314aPinus cembroides.988325 aBK cTESIS bBCcTESd-32259eTS1h22151i79372si c68922d68922 00102local4051708TESISaBCbBCcPA_TESISd2019-12-31fTESISl0oTesisp-32259r2019-12-31 00:00:00w2019-12-31yTESIS